| Поле | Название | Значение |
| |
Тип записи |
a |
| |
Библиографический уровень |
m |
| 001 |
Контрольный номер |
RU/СЮИ МВД России/KNIGI/65с51я73/И74-935263 |
| 005 |
Дата корректировки |
20140611144443.3 |
| 010 |
Индекс ISBN |
__ |
| a |
ISBN |
978-5-9916-1444-3 |
| 100 |
Данные общей обработки |
__ |
| a |
Данные общей обработки |
20110228d2012 |||y0rusy0189 |
| 101 |
Язык документа |
0_ |
| a |
Язык текста |
rus |
| 102 |
Страна публикации |
__ |
| a |
Страна публикации |
RU |
| 105 |
Кодированные данные (монография) |
__ |
| a |
Кодированные данные (монография) |
y j 000yy |
| 200 |
Заглавие и сведения об ответственности |
1_ |
| a |
Заглавие |
Информационные системы и технологии в экономике и управлении |
| e |
Сведения, относящиеся к заглавию |
учебник для бакалавров: допущено Советом Учеб. - методического объединения вузов России по образованию в области менеджмента в качестве учебника по специальности 080507 (061100) "Менеджмент организации" |
| f |
Первые сведения об ответственности |
под ред. В. В. Трофимова |
| 205 |
Сведения об издании |
__ |
| a |
Основные сведения об издании |
3-е изд., перераб. и доп. |
| 210 |
Выходные данные |
1_ |
| a |
Место издания |
М. |
| c |
Издательство |
Юрайт |
| d |
Дата издания |
2012 |
| 215 |
Физическое описание |
__ |
| a |
Объем |
522 с. |
| 225 |
Серия |
2_ |
| a |
Серия |
Бакалавр |
| 320 |
Библиография |
__ |
| a |
Библиография |
Библиогр. в конце разд. |
| 327 |
Примечание о содержании |
1_ |
| a |
Примечание о содержании |
Содержание : Информация. Информационные технологии и процессы. Информационные системы ; Истоки и этапы развития информационных технологий ; Роль и место автоматизированных информационных систем в экономике ; Информационные системы и технологии в управлении предприятием ; Организация и средства информационных технологий обеспечения управленческой деятельности ; Методические основы создания информационных систем и технологий в управлении предприятием ; Информационные технологии документационного обеспечения управленческой деятельности ; Инструментальные средства компьютерных технологий информационного обслуживания управленческой деятельности ; Информационные системы и технологии в маркетинге ; Структура и состав информационной системы маркетинга ; Функциональное назначение и ресурсы Интернет ; Информационные системы и технологии в бухгалтерском учете ; Общая характеристика информационной системы бухгалтерского учета ; Компьютерные информационные технологии в бухгалтерском учете ; Информационные системы и технологии в банковской деятельности ; Специфика организации банковского дела в России ; Основные тенденции развития банковской системы России ; Проблемы создания автоматизированных банковских систем ; Электронный документооборот в банке ; Электронные банковские услуги ; Информационные системы и технологии в страховой деятельности ; Понятие страховой деятельности и ее организация ; Риск как экономическая категория ; Автоматизированные информационные системы страховой деятельности ; Стандартизация информационных технологий ; Инструменты функциональной стандартизации ; Безопасность информационных систем ; Защищенная информационная система |
| 464 |
Аналитический уровень |
_0 |
| 1 |
|
2001 |
| a |
|
Информация. Информационные технологии и процессы. Информационные системы |
| 464 |
Аналитический уровень |
_0 |
| 1 |
|
2001 |
| a |
|
Истоки и этапы развития информационных технологий |
| 464 |
Аналитический уровень |
_0 |
| 1 |
|
2001 |
| a |
|
Роль и место автоматизированных информационных систем в экономике |
| 464 |
Аналитический уровень |
_0 |
| 1 |
|
2001 |
| a |
|
Информационные системы и технологии в управлении предприятием |
| 464 |
Аналитический уровень |
_0 |
| 1 |
|
2001 |
| a |
|
Организация и средства информационных технологий обеспечения управленческой деятельности |
| 464 |
Аналитический уровень |
_0 |
| 1 |
|
2001 |
| a |
|
Методические основы создания информационных систем и технологий в управлении предприятием |
| 464 |
Аналитический уровень |
_0 |
| 1 |
|
2001 |
| a |
|
Информационные технологии документационного обеспечения управленческой деятельности |
| 464 |
Аналитический уровень |
_0 |
| 1 |
|
2001 |
| a |
|
Инструментальные средства компьютерных технологий информационного обслуживания управленческой деятельности |
| 464 |
Аналитический уровень |
_0 |
| 1 |
|
2001 |
| a |
|
Информационные системы и технологии в маркетинге |
| 464 |
Аналитический уровень |
_0 |
| 1 |
|
2001 |
| a |
|
Структура и состав информационной системы маркетинга |
| 464 |
Аналитический уровень |
_0 |
| 1 |
|
2001 |
| a |
|
Функциональное назначение и ресурсы Интернет |
| 464 |
Аналитический уровень |
_0 |
| 1 |
|
2001 |
| a |
|
Информационные системы и технологии в бухгалтерском учете |
| 464 |
Аналитический уровень |
_0 |
| 1 |
|
2001 |
| a |
|
Общая характеристика информационной системы бухгалтерского учета |
| 464 |
Аналитический уровень |
_0 |
| 1 |
|
2001 |
| a |
|
Компьютерные информационные технологии в бухгалтерском учете |
| 464 |
Аналитический уровень |
_0 |
| 1 |
|
2001 |
| a |
|
Информационные системы и технологии в банковской деятельности |
| 464 |
Аналитический уровень |
_0 |
| 1 |
|
2001 |
| a |
|
Специфика организации банковского дела в России |
| 464 |
Аналитический уровень |
_0 |
| 1 |
|
2001 |
| a |
|
Основные тенденции развития банковской системы России |
| 464 |
Аналитический уровень |
_0 |
| 1 |
|
2001 |
| a |
|
Проблемы создания автоматизированных банковских систем |
| 464 |
Аналитический уровень |
_0 |
| 1 |
|
2001 |
| a |
|
Электронный документооборот в банке |
| 464 |
Аналитический уровень |
_0 |
| 1 |
|
2001 |
| a |
|
Электронные банковские услуги |
| 464 |
Аналитический уровень |
_0 |
| 1 |
|
2001 |
| a |
|
Информационные системы и технологии в страховой деятельности |
| 464 |
Аналитический уровень |
_0 |
| 1 |
|
2001 |
| a |
|
Понятие страховой деятельности и ее организация |
| 464 |
Аналитический уровень |
_0 |
| 1 |
|
2001 |
| a |
|
Риск как экономическая категория |
| 464 |
Аналитический уровень |
_0 |
| 1 |
|
2001 |
| a |
|
Автоматизированные информационные системы страховой деятельности |
| 464 |
Аналитический уровень |
_0 |
| 1 |
|
2001 |
| a |
|
Стандартизация информационных технологий |
| 464 |
Аналитический уровень |
_0 |
| 1 |
|
2001 |
| a |
|
Инструменты функциональной стандартизации |
| 464 |
Аналитический уровень |
_0 |
| 1 |
|
2001 |
| a |
|
Безопасность информационных систем |
| 464 |
Аналитический уровень |
_0 |
| 1 |
|
2001 |
| a |
|
Защищенная информационная система |
| 606 |
Тематические рубрики |
__ |
| a |
Основная рубрика |
Экономика |
| x |
Основная подрубрика |
Менеджмент |
| x |
Основная подрубрика |
Информационные технологии |
| 610 |
Ключевые слова |
1_ |
| a |
Ключевые слова |
информационные ресурсы предприятия |
| 610 |
Ключевые слова |
1_ |
| a |
Ключевые слова |
информационные процессы в экономике |
| 610 |
Ключевые слова |
1_ |
| a |
Ключевые слова |
семиотика |
| 610 |
Ключевые слова |
1_ |
| a |
Ключевые слова |
инфраструктура информатизации |
| 610 |
Ключевые слова |
1_ |
| a |
Ключевые слова |
информационные системы в экономике |
| 610 |
Ключевые слова |
1_ |
| a |
Ключевые слова |
информационные технологии в экономике |
| 610 |
Ключевые слова |
1_ |
| a |
Ключевые слова |
закон Мура |
| 610 |
Ключевые слова |
1_ |
| a |
Ключевые слова |
закон Меткалфа |
| 610 |
Ключевые слова |
1_ |
| a |
Ключевые слова |
закон фотона |
| 610 |
Ключевые слова |
1_ |
| a |
Ключевые слова |
нетикет |
| 610 |
Ключевые слова |
1_ |
| a |
Ключевые слова |
сетевой этикет |
| 620 |
Место и дата публикации, исполнения и т.д. |
__ |
| d |
Город |
Москва |
| 686 |
Индексы других классификаций |
__ |
| a |
Классификационный индекс |
65с51я73 |
| 2 |
Код системы |
rubbk |
| 686 |
Индексы других классификаций |
__ |
| a |
Классификационный индекс |
06 |
| 2 |
Код системы |
rugasnti |
| 702 |
Вторичная интеллектуальная ответственность |
_1 |
| a |
Фамилия |
Трофимов |
| b |
Имя |
В. В. |
| 4 |
Код отношения |
340 |
| 801 |
Источник записи |
_0 |
| b |
Организация |
СЮИ МВД России |
| a |
Страна |
RU |
| c |
Дата составления |
20110228 |
| 801 |
Источник записи |
_1 |
| a |
Страна |
RU |
| b |
Организация |
ПКИ |
| c |
Дата составления |
20110228 |
| 852 |
Данные о местонахождении |
__ |
| a |
Наименование организации |
СЮИ МВД России |
| b |
Сигла хранения |
ЧЗ_Поволжский филиал |
| i |
Авторский знак |
И74 |
| p |
Инвентарный номер |
140283 |
| j |
Шифр хранения |
65с51я73 |
| j |
Шифр хранения |
65с51я73 |
| j |
Шифр хранения |
65с51я73 |
| j |
Шифр хранения |
65с51я73 |
| j |
Шифр хранения |
65с51я73 |
| j |
Шифр хранения |
65с51я73 |
| j |
Шифр хранения |
65с51я73 |
| j |
Шифр хранения |
65с51я73 |
| j |
Шифр хранения |
65с51я73 |
| j |
Шифр хранения |
65с51я73 |
| j |
Шифр хранения |
65с51я73 |
| j |
Шифр хранения |
65с51я73 |
| 852 |
Данные о местонахождении |
__ |
| a |
Наименование организации |
СЮИ МВД России |
| b |
Сигла хранения |
УчФ_Поволжский филиал |
| i |
Авторский знак |
И74 |
| p |
Инвентарный номер |
140284 |
| 852 |
Данные о местонахождении |
__ |
| a |
Наименование организации |
СЮИ МВД России |
| b |
Сигла хранения |
УчФ_Поволжский филиал |
| i |
Авторский знак |
И74 |
| p |
Инвентарный номер |
140285 |
| 852 |
Данные о местонахождении |
__ |
| a |
Наименование организации |
СЮИ МВД России |
| b |
Сигла хранения |
УчФ_Поволжский филиал |
| i |
Авторский знак |
И74 |
| p |
Инвентарный номер |
140286 |
| 852 |
Данные о местонахождении |
__ |
| a |
Наименование организации |
СЮИ МВД России |
| b |
Сигла хранения |
УчФ_Поволжский филиал |
| i |
Авторский знак |
И74 |
| p |
Инвентарный номер |
140287 |
| 852 |
Данные о местонахождении |
__ |
| a |
Наименование организации |
СЮИ МВД России |
| b |
Сигла хранения |
УчФ_Поволжский филиал |
| i |
Авторский знак |
И74 |
| p |
Инвентарный номер |
140288 |
| 852 |
Данные о местонахождении |
__ |
| a |
Наименование организации |
СЮИ МВД России |
| b |
Сигла хранения |
УчФ_Поволжский филиал |
| i |
Авторский знак |
И74 |
| p |
Инвентарный номер |
140289 |
| 852 |
Данные о местонахождении |
__ |
| a |
Наименование организации |
СЮИ МВД России |
| b |
Сигла хранения |
УчФ_Поволжский филиал |
| i |
Авторский знак |
И74 |
| p |
Инвентарный номер |
140290 |
| 852 |
Данные о местонахождении |
__ |
| a |
Наименование организации |
СЮИ МВД России |
| b |
Сигла хранения |
УчФ_Поволжский филиал |
| i |
Авторский знак |
И74 |
| p |
Инвентарный номер |
140291 |
| 852 |
Данные о местонахождении |
__ |
| a |
Наименование организации |
СЮИ МВД России |
| b |
Сигла хранения |
УчФ_Поволжский филиал |
| i |
Авторский знак |
И74 |
| p |
Инвентарный номер |
140292 |
| 852 |
Данные о местонахождении |
__ |
| a |
Наименование организации |
СЮИ МВД России |
| b |
Сигла хранения |
УчФ_Поволжский филиал |
| i |
Авторский знак |
И74 |
| p |
Инвентарный номер |
140293 |
| 852 |
Данные о местонахождении |
__ |
| a |
Наименование организации |
СЮИ МВД России |
| b |
Сигла хранения |
УчФ_Поволжский филиал |
| i |
Авторский знак |
И74 |
| p |
Инвентарный номер |
140294 |
| 901 |
Тип документа |
__ |
| t |
Тип документа |
m |
| 938 |
Служебная информация |
__ |
| a |
Название организации |
Поволжский филиал |
| b |
Имя БД |
Книги_Ирбис |
| c |
Название АИБС |
АБИС ИРБИС |
| 938 |
Служебная информация |
__ |
| a |
Название организации |
Владимирский филиал |
| 938 |
Служебная информация |
__ |
| a |
Название организации |
Сыктывкарский филиал |